Chrétiens dans un monde nouveau /

Sábháilte in:
Sonraí bibleagrafaíochta
Príomhchruthaitheoir: Häring, Bernhard (autor)
Formáid: LEABHAR
Teanga:Fraincis
Foilsithe / Cruthaithe: París, Francia : Desclée, 1968, c1968
Clibeanna: Cuir clib leis
Níl clibeanna ann, Bí ar an gcéad duine le clib a chur leis an taifead seo!

MARC

LEADER 00000nam^a2200000^a^4500
001 000626027
005 20260220000000.0
009 20260310134027.778
037 |a Acervo ITESO - Biblioteca 
041 |a FRA 
091 |a FOB. 03918 
100 |a Häring, Bernhard  |e (autor) 
245 1 0 |a Chrétiens dans un monde nouveau / 
264 4 |a París, Francia :  |b Desclée,  |c 1968, c1968 
300 |a 343 p. 
336 |a texto  |b txt  |2 rdacontenido 
337 |a sin mediación  |b n  |2 rdamedio 
338 |a volumen  |b nc  |2 rdasoporte 
649 |a XX 
910 |a Fondo Carlos de Obeso Orendain 
920 |a Impresos - Libros 
930 |a Fondos Especiales 
905 |a 147 
901 |a 626372-10  |b IT2  |c ESP  |i D85181  |u 20251218 
902 |a https://opac.biblio.iteso.mx/vufind/Record/000626027